000 00387nam a2200157Ia 4500
003 GCL
008 140319s9999 xx 000 0 ara d
040 _aGCL /
_cGCL
082 0 4 _aط
_b507
_bخ م
100 1 _aخليل خزعل
245 1 0 _aالمجهر /
_cخليل خزعل
300 _a22 ص
490 _a100 قصة
_v0
650 0 4 _aالميكروسكوبات
942 _2ddc
_cBK
999 _c44961
_d44961